| 000 | 005380000a22001810004500 | ||
|---|---|---|---|
| 003 | MACL | ||
| 005 | 20160510140833.0 | ||
| 008 | 160510b xxu||||| |||| 00| 0 eng d | ||
| 040 |
_aMACL _cMACL |
||
| 041 | _aHindi | ||
| 082 | _a891.431 | ||
| 100 |
_aकौर, कंवलजीत _955958 |
||
| 245 |
_aअहसास _cकंवलजीत कौर |
||
| 260 |
_bदिल्ली बुक ब्यूरो _c2010 _aपंचकूला |
||
| 350 | _a80 | ||
| 650 |
_aPoem _927793 |
||
| 942 |
_cHIN _k891.431/KOR/P/ _2ddc |
||
| 999 |
_c45334 _d45334 |
||